00273 a2200133 4500001000700000020001800007040001100025100002000036240003200056245002700088300000700115362000900122440000800131183139 a85-322-4395-9 cMagnum aDansa, Lecticia10aO segredo da lagartixalpor10aO segredo da lagartixa a320 a2000 1aFTD